000 00657nam a22002177a 4500
003 0
005 20241010105305.0
008 241010b xxu||||| |||| 00| 0 eng d
020 _a9781394193219
050 _aTK 5105.8885
_b.F75 2024
100 _aFrisbie, Matt,
_eauthor.
245 _aProfessional javascript for web developers /
_cMatt Frisbie.
250 _a5th ed.
260 _aHoboken, NJ :
_bJohn Wiley & Sons, Inc.,
_c2024.
300 _axlix, 1052 p. :
_bill. ;
_c24 cm.
504 _aIncludes index.
650 _aJavascript (Computer program language).
650 _aWebsite development.
650 _aComputer science.
942 _2lcc
_cBK
999 _c366495
_d366495